000
00250nam a2200097Ia 4500
008
220204s9999 xx 000 0 und d
082
_b
RUB;5
245
4
_a
The Rubber act 1947 and the Rubber Rules 1955
260
_a
Kottayam
_b
Rubber Board
942
_c
BK
999
_c
44494
_d
44494